000 00765nam a2200229 a 4500
001 000028008
003 DO-SdBNP
005 20210901095633.0
008 110406s2002 dr 000 0 spa d
040 _aDO-SdBNP
_bspa
_cBNPHU
082 _a972.9304
_bL965c
100 1 _aStamers, Yrma
_955053
245 1 0 _aConmemoración del 163 aniversario del natalicio del General Gregorio Luperón (1839-2002) /
_cYrma Stamers.
260 _aSanto Domingo :
_bSecretaría de Estado de Educación
_bDirección General de Cultura,
_c[2002].
300 _a14 p. ;
_c22 cm.
504 _aBibliografía : p. 13
590 _aInventariado, 2021 / DG
650 4 _aLuperón, Gregorio
_y1839-1897
_979682
700 1 _aYrma Stamers
_955054
910 _aD/G
942 _2ddc
_cLBS1
999 _c27500
_d27500